Концепция применения углеродных нанотрубок в медицинской робототехнике; Молодежь и современные информационные технологии

Bibliografski detalji
Parent link:Молодежь и современные информационные технологии.— 2021.— [С. 392-393]
Glavni autor: Швабикер А. А.
Autor kompanije: Национальный исследовательский Томский политехнический университет
Daljnji autori: Митряков А. В.
Sažetak:Заглавие с титульного экрана
Jezik:ruski
Izdano: 2021
Serija:Мехатроника и робототехника
Teme:
Online pristup:http://earchive.tpu.ru/handle/11683/67947
Format: MixedMaterials Elektronički Poglavlje knjige
KOHA link:https://koha.lib.tpu.ru/cgi-bin/koha/opac-detail.pl?biblionumber=633253

MARC

LEADER 00000naa2a2200000 4500
001 633253
005 20231102024642.0
035 |a (RuTPU)RU\TPU\conf\35001 
035 |a RU\TPU\conf\35000 
090 |a 633253 
100 |a 20210708d2021 k y0rusy50 ca 
101 0 |a rus 
102 |a RU 
105 |a y z 101zy 
135 |a drcn ---uucaa 
181 0 |a i  
182 0 |a b 
200 1 |a Концепция применения углеродных нанотрубок в медицинской робототехнике  |f А. А. Швабикер, А. В. Митряков 
203 |a Текст  |c электронный 
225 1 |a Мехатроника и робототехника 
230 |a 1 компьютерный файл (pdf; 553 Кb) 
300 |a Заглавие с титульного экрана 
320 |a [Библиогр.: с. 393 (5 назв.)] 
463 0 |0 (RuTPU)RU\TPU\conf\34857  |t Молодежь и современные информационные технологии  |o сборник трудов XVIII Международной научно-практической конференции студентов, аспирантов и молодых учёных, 22-26 марта 2021 г., г. Томск  |f Национальный исследовательский Томский политехнический университет, Инженерная школа информационных технологий и робототехники ; под ред. Н. Г. Маркова [и др.]  |v [С. 392-393]  |d 2021 
610 1 |a электронный ресурс 
610 1 |a труды учёных ТПУ 
610 1 |a углеродные нанотрубки 
610 1 |a робототехника 
610 1 |a композиционные материалы 
610 1 |a биомедицинское применение 
610 1 |a модификация 
610 1 |a протезы 
700 1 |a Швабикер  |b А. А. 
701 1 |a Митряков  |b А. В. 
712 0 2 |a Национальный исследовательский Томский политехнический университет  |c (2009- )  |2 stltpush  |3 (RuTPU)RU\TPU\col\15902  |9 26305 
801 2 |a RU  |b 63413507  |c 20210809  |g RCR 
856 4 |u http://earchive.tpu.ru/handle/11683/67947 
942 |c BK